000
00238nam a2200109Ia 4500
008
190216s9999||||xx |||||||||||||| ||und||
100
_a
Jose Weider
245
0
_a
Mr Olympia
260
_b
St Martin Press
650
_a
English
942
_c
BK
999
_c
13480
_d
13480